| 000 | 01365cam a22003617a 4500 | ||
|---|---|---|---|
| 003 | CHAP | ||
| 005 | 20220329141834.0 | ||
| 008 | 971202d1996 mx ab r 00110 spa d | ||
| 010 | _a74623 | ||
| 011 | _a75595 | ||
| 035 | _a85161 | ||
| 040 | _cCHAP | ||
| 090 | _aTesis | ||
| 100 | 0 | 0 |
_aGarcía Conde, Fernando. _945869 |
| 245 | 1 | 0 |
_aDinámica nutrimental en aguacate (Persea americana Mill) cv. Fuerte, con diferentes tratamientos de fertilización en Coatepec Harinas, Estado de Mexico _c/por Fernando García Conde |
| 260 |
_aChapingo, Méx. : _bEl autor, _c1996. |
||
| 502 | _aTesis (Ing. Agr. Esp. en Fitotecnia) -- UACH. Departamento de Fitotecnia | ||
| 590 |
_aALEPH _b10 _c20130110 _lUCH01 _h1420 |
||
| 590 |
_aBATCH-UPD _b10 _c20130109 _lUCH01 _h2353 |
||
| 590 |
_aBATCH-UPD _b10 _c20130110 _lUCH01 _h0612 |
||
| 590 |
_aBATCH-UPD _b10 _c20130410 _lUCH01 _h0254 |
||
| 590 |
_aBATCH-UPD _b10 _c20130913 _lUCH01 _h2254 |
||
| 590 |
_aCONVERSION _b10 _c20130109 _lUCH01 _h1341 |
||
| 650 | 1 | 4 |
_aAguacate _xElementos minerales. _92508 |
| 650 | 1 | 4 |
_aAguacate _xMéxico (Edo.) _92538 |
| 650 | 1 | 4 |
_aFertilizantes para aguacate. _940598 |
| 901 | _aBK | ||
| 905 | _aAlejandra Carrasco M. | ||
| 911 |
_aCultivos _aAlejandra Carrasco M. |
||
| 942 | _cFOLL | ||
| 949 |
_bBC _cTES _d33724000636494 _eTS2 _fc.2 _h31329 _i85161 _sb |
||
| 949 |
_bBC _cTES _d851611 _eTS1 _h31328 _i85161 _sb |
||
| 999 |
_c74623 _d74623 |
||